Thiết kế và thi công tường chắn đất có cốt

Đã lưu trong:
書目詳細資料
主要作者: Dương, Ngọc Hải
格式: 圖書
語言:Undetermined
出版: Hà Nội Xây dựng 2004
主題:
標簽: 添加標簽
沒有標簽, 成為第一個標記此記錄!
Thư viện lưu trữ: Trung tâm Học liệu Trường Đại học Cần Thơ
LEADER 00605nam a2200193Ia 4500
001 CTU_73914
008 210402s9999 xx 000 0 und d
020 |b 22000 
082 |a 624.164 
082 |b H103 
100 |a Dương, Ngọc Hải 
245 0 |a Thiết kế và thi công tường chắn đất có cốt 
245 0 |c Dương Ngọc Hải 
260 |a Hà Nội 
260 |b Xây dựng 
260 |c 2004 
650 |a Civil engineering,Retaining walls,Structural engineering 
904 |i Năm, QHieu 
980 |a Trung tâm Học liệu Trường Đại học Cần Thơ